Diseño de turbinas Francis por computadora
Збережено в:
| Автор: | |
|---|---|
| Формат: | Книга |
| Опубліковано: |
San José, C.R
1997
|
| Предмети: | |
| Теги: |
Додати тег
Немає тегів, Будьте першим, хто поставить тег для цього запису!
|
MARC
| LEADER | 00000nam a2200000Ia 4500 | ||
|---|---|---|---|
| 003 | 008523 | ||
| 005 | 20221231144222.0 | ||
| 008 | 140114s1997 cr a m 000 ||s d | ||
| 040 | |c cru CEDI | ||
| 090 | |a TFG 3878 | ||
| 100 | |a Morales Ríos, Mary Paz |9 4953 | ||
| 245 | |a Diseño de turbinas Francis por computadora | ||
| 260 | |c 1997 |a San José, C.R | ||
| 300 | |a xiii, 131 hojas : ilustraciones | ||
| 500 | |a Proyecto de graduación (licenciatura en ingeniería mecánica)--Universidad de Costa Rica. Facultad de Ingeniería. Escuela de Ingeniería Mecánica | ||
| 650 | |x TURBINAS HIDRAULICAS - PROGRAMAS PARA COMPUTADORA |x TURBINAS HIDRAULICAS |9 8945 | ||
| 942 | |c TFG | ||
| 999 | |c 18604 |d 18604 | ||
